| 000 | 02742cam a22004934a 4500 | ||
|---|---|---|---|
| 001 | 15781849 | ||
| 003 | OSt | ||
| 005 | 20150408114106.0 | ||
| 008 | 090617s2010 nyua 001 0 eng | ||
| 010 | _a 2009025153 | ||
| 015 |
_aGBA968921 _2bnb |
||
| 016 | 7 |
_a101508450 _2DNLM |
|
| 016 | 7 |
_a015326225 _2Uk |
|
| 020 | _a9780071623261 | ||
| 020 | _a0071623264 | ||
| 035 | _a(OCoLC)ocn416140393 | ||
| 040 | _aMa-Un | ||
| 042 | _apcc | ||
| 050 | 0 | 0 |
_aQR62 _b.A43 2010 |
| 060 | 1 | 0 |
_aQW 18.2 _bA346s 2010 |
| 082 | 0 | 0 |
_a579 _222 |
| 100 | 1 |
_aAlcamo, I. Edward. _918939 |
|
| 245 | 1 | 0 |
_aSchaum's outlines : _bmicrobiology / _cI. Edward Alcamo, Jennifer M. Warner. |
| 246 | 3 | 0 | _aMicrobiology |
| 250 | _a2nd ed. | ||
| 260 |
_aNew York : _bMcGraw-Hill, _cc2010. |
||
| 300 |
_avi, 343 p. : _bill. ; _c28 cm. |
||
| 490 | 1 | _aSchaum's outline series | |
| 500 | _aIncludes index. | ||
| 500 | _aRev. ed. of: Schaum's outline of theory and problems of microbiology. c1998. | ||
| 505 | 0 | _aIntroduction to microbiology -- The chemical basis of microbiology -- Microbial size and microscopy -- Prokaryotes and eukaryotes -- Microbial growth and cultivation -- Metabolism of microorganisms -- DNA and gene expression -- Microbial genetics -- Control of microorganisms -- The major groups of bacteria -- The fungi -- The protozoa -- The unicellular algae -- The viruses -- The host-parasite relationship -- Host resistance and the immune system -- Immune tests and disorders -- Microbial diseases of the skin and eyes -- Microbial diseases of the nervous system -- Microbial diseases of the respiratory system -- Microbial diseases of the digestive system -- Microbial diseases of the blood and viscera -- Microbial diseases of the urogenital system -- Food and industrial microbiology -- Environmental microbiology. | |
| 650 | 0 |
_aMicrobiology _xOutlines, syllabi, etc. _96581 |
|
| 650 | 0 |
_aMicrobiology _xExaminations, questions, etc. _96582 |
|
| 650 | 1 | 2 |
_aMicrobiology _vExamination Questions. _914476 |
| 650 | 1 | 2 |
_aMicrobiology _vOutlines. _96581 |
| 700 | 1 |
_aWarner, Jennifer M. _918940 |
|
| 700 | 1 |
_aAlcamo, I. Edward. _tSchaum's outline of theory and problems of microbiology. _918941 |
|
| 830 | 0 |
_aSchaum's outline series. _918942 |
|
| 856 | 4 | 2 |
_3Contributor biographical information _uhttp://www.loc.gov/catdir/enhancements/fy0914/2009025153-b.html |
| 856 | 4 | 2 |
_3Publisher description _uhttp://www.loc.gov/catdir/enhancements/fy0914/2009025153-d.html |
| 856 | 4 | 1 |
_3Table of contents only _uhttp://www.loc.gov/catdir/enhancements/fy0914/2009025153-t.html |
| 942 |
_2ddc _cBOOK |
||
| 999 |
_c26616 _d261116 |
||